Consultation paper on proposed amendments to planning policy statement 25, development and flood risk (Record no. 109936)

MARC details
000 -LEADER
fixed length control field 01700cad a22002655a 4500
001 - CONTROL NUMBER
control field E148180
008 - FIXED-LENGTH DATA ELEMENTS--GENERAL INFORMATION
fixed length control field 090812s2009 xxk f 000 0 eng d
020 ## - INTERNATIONAL STANDARD BOOK NUMBER
International Standard Book Number 9781409816478
035 ## - SYSTEM CONTROL NUMBER
System control number (Sirsi) u148180
041 0# - LANGUAGE CODE
Language code of text/sound track or separate title eng
050 04 - LIBRARY OF CONGRESS CALL NUMBER
Classification number 711.1 $2 18
110 2# - MAIN ENTRY--CORPORATE NAME
Corporate name or jurisdiction name as entry element United Kingdom
Subordinate unit Department for Communities and Local Government
9 (RLIN) 4939
245 00 - TITLE STATEMENT
Title Consultation paper on proposed amendments to planning policy statement 25, development and flood risk
Medium [electronic resource]
260 ## - PUBLICATION, DISTRIBUTION, ETC.
Place of publication, distribution, etc. London
Name of publisher, distributor, etc. DCLG
Date of publication, distribution, etc. 2009
505 2# - FORMATTED CONTENTS NOTE
Formatted contents note Part 1: Introduction -- Part 2: The consultation process -- Part 3: The proposed amendments to Planning Policy Statement 25 -- Part 4: Impact assessment -- Part 5: Summary of consultation questions -- Part 6: The consultation criteria
520 ## - SUMMARY, ETC.
Summary, etc. Seeks views from stakeholders on proposals to clarify elements of the national spatial policy on development and flood risk. Clarifications proposed relate to the identification of the "functional" floodplain and are relevant to areas at risk of flooding which involve essential infrastructure. These include water treatment and sewage treatment works, base facilities for the emergency services, some facilities requiring hazardous, and wind turbines.
520 ## - SUMMARY, ETC.
Summary, etc. Deadline for comments is 3 November 2009.
521 ## - TARGET AUDIENCE NOTE
Target audience note Advanced
590 ## - LOCAL NOTE (RLIN)
Local note KA NTK
651 #4 - SUBJECT ADDED ENTRY--GEOGRAPHIC NAME
Geographic name England
Chronological subdivision 886-
690 ## - LOCAL SUBJECT ADDED ENTRY--TOPICAL TERM (OCLC, RLIN)
Topical term or geographic name as entry element ENVIRONMENTAL AND LAND CONSULTANCY-PLANNING AND DEVELOPMENT
690 ## - LOCAL SUBJECT ADDED ENTRY--TOPICAL TERM (OCLC, RLIN)
Topical term or geographic name as entry element ENVIRONMENTAL AND LAND CONSULTANCY-WATER RESOURCE MANAGEMENT-FLOODING
856 40 - ELECTRONIC LOCATION AND ACCESS
Uniform Resource Identifier <a href="https://www.communities.gov.uk/publications/planningandbuilding/consultationfloodrisk">https://www.communities.gov.uk/publications/planningandbuilding/consultationfloodrisk</a>
Public note View the order free of charge at www.communities.gov.uk...
942 ## - ADDED ENTRY ELEMENTS (KOHA)
Suppress in OPAC 0
Holdings
Withdrawn status Lost status Source of classification or shelving scheme Damaged status Not for loan Home library Current library Shelving location Date acquired Total Checkouts Full call number Barcode Date last seen Copy number Price effective from Koha item type
    Dewey Decimal Classification     Virtual Virtual Online 12/08/2009   ONLINE PUBLICATION 148180-2001 06/08/2019 1 06/08/2019 Book